000 00287nam a22001337a 4500
008 170927b xxu||||| |||| 00| 0 eng d
020 _a9780325000916
041 _aeng
080 _22ND
_a37
100 _a47
101 _aEDU
245 _aBEST PRACTICE
_cZEMELMAN,S
942 _2udc
_cBK
999 _c30261
_d30261